000 00412nam a2200181Ia 4500
008 210210b1934 xxu||||| |||| 00| 0 eng d
041 _aeng
082 _a590/57
100 _aDAKIN (W J)
245 _aElements of animal biology
260 _aLondon
_bMacmillan & Co. Ltd.
_c1934
650 _aof
650 _aElements
650 _abiology
650 _aanimal
690 _aZoology
906 _a010633
999 _c138400
_d138400